00581nam a22001817a 450000500170000001000130001702000260003003500120005603700160006808200100008410000220009424500780011624600510019426000530024527000570029830000220035570000220037720221013112026.0 aUR-11750 a9789390789818c350.00 aU-10305 bDBAD/PUBa- a840.8 aشبنم حمید aانتخاب غزلیات /cمرتبہ ، شبنم حمیدhا ر د و aIntikhab-E-Ghazaliyat /bed. by Shabnam Hameed aNew DelhibEducational Publishing Housec2021 ء aH.O. D/16, Ansari Road, DaryaganjbNew Delhie110006 a292 صc22cm(pbk) aشبنم حمید